Introductory Statistics. (Record no. 349108)
[ view plain ]
| 000 -LEADER | |
|---|---|
| fixed length control field | 00328 a2200133 4500 |
| 082 ## - DEWEY DECIMAL CLASSIFICATION NUMBER | |
| Classification number | 519.5 |
| 090 ## - LOCALLY ASSIGNED LC-TYPE CALL NUMBER (OCLC); LOCAL CALL NUMBER (RLIN) | |
| -- | 6760 |
| -- | 6760 |
| 100 ## - MAIN ENTRY--PERSONAL NAME | |
| Personal name | Neil A.Weiss |
| 245 ## - TITLE STATEMENT | |
| Title | Introductory Statistics. |
| Statement of responsibility, etc. | Neil A.Weiss |
| 260 ## - PUBLICATION, DISTRIBUTION, ETC. | |
| Place of publication, distribution, etc. | New York |
| Name of publisher, distributor, etc. | Pearson Adison Wisly. |
| Date of publication, distribution, etc. | 2005 |
| 300 ## - PHYSICAL DESCRIPTION | |
| Extent | 846p. |
| 500 ## - GENERAL NOTE | |
| General note | Hard cover |
| 942 ## - ADDED ENTRY ELEMENTS (KOHA) | |
| Institution code [OBSOLETE] | NBS |
| Koha item type | Book |
| Call number prefix | 519.5 WEI |
| Withdrawn status | Lost status | Damaged status | Not for loan | Permanent Location | Current Location | Date acquired | Total Checkouts | Full call number | Barcode | Date last seen | Date last checked out | Price effective from | Koha item type |
|---|---|---|---|---|---|---|---|---|---|---|---|---|---|
| Central Library (CL) | Central Library (CL) | 08/28/2013 | 3 | 519.5 WEI | NBS5477 | 02/17/2026 | 01/25/2026 | 08/28/2013 | Book |
